000 01183cam a22003377a 4500
001 12869552
003 OSt
005 20211119155043.0
008 020725s2002 maua b 000 0 eng d
010 _a 2002510072
020 _a9780750673891
035 _a(OCoLC)ocm48714203
038 _akhadija
040 _aUUA
_cUUA
_dDLC
042 _alccopycat
050 0 0 _aTJ163.12
_b.B735 2002
082 0 0 _a629.8313
_221
_bBRA
100 1 _aBraga, Newton C.
_984660
245 1 0 _aRobotics, mechatronics, and artificial intelligence :
_bexperimental circuit blocks for designers /
_cNewton C. Braga.
260 _aBoston :
_bNewnes,
_cc2002.
300 _axix, 297 p. :
_bill. ;
_c24 cm.
563 _aPB
650 0 _aMechatronics.
_984661
650 0 _aRobotics.
_984662
650 0 _aArtificial intelligence.
_984663
856 4 2 _3Publisher description
_uhttp://www.loc.gov/catdir/description/els031/2002510072.html
856 4 1 _3Table of contents
_uhttp://www.loc.gov/catdir/toc/els031/2002510072.html
906 _a7
_bcbc
_ccopycat
_d2
_encip
_f20
_gy-gencatlg
942 _2ddc
_cBK
999 _c32566
_d32566